[Event "CRO-chT3 West"]
[Site "Croatia"]
[Date "2017.03.26"]
[Round "2.3"]
[White "Bakija, Davor"]
[Black "Antunovic, Ivo"]
[Result "0-1"]
[WhiteElo "1991"]
[BlackElo "2109"]
[PlyCount "52"]
[EventDate "2017.03.25"]
[EventType "team-tourn"]
[EventRounds "9"]
[EventCountry "CRO"]
[SourceTitle "EXT 2019"]
[Source "ChessBase"]
[SourceDate "2018.10.10"]
[SourceVersion "1"]
[SourceVersionDate "2018.10.10"]
[SourceQuality "1"]

1. e4 d6 2. d4 Nf6 3. Nc3 g6 4. f3 Bg7 5. Be3 0-0 6. Qd2 Nc6 7. 0-0-0 e5 8. d5 Nd4 9. Nge2 c5 10. dxc6 bxc6 11. Nxd4 exd4 12. Bxd4 Be6 13. b3 c5 14. Be3 c4 15. Nd5 cxb3 16. axb3 Bxd5 17. exd5 Qc7 18. Bd4 Rfc8 19. Ba6 Bh6 20. Bxc8 Rxc8 21. c4 Bxd2+ 22. Rxd2 Nd7 23. Re1 Nc5 24. Kc2 Nxb3 25. Kxb3 Qxc4+ 26. Ka3 Rb8 0-1

[Event "CRO-chT3 West"]
[Site "Croatia"]
[Date "2011.11.05"]
[Round "7.33"]
[White "Bakija, Davor"]
[Black "Samblic, Silvano"]
[Result "0-1"]
[WhiteElo "2007"]
[BlackElo "1996"]
[PlyCount "100"]
[EventDate "2011.03.12"]
[EventType "team-tourn"]
[EventRounds "9"]
[EventCountry "CRO"]
[SourceTitle "EXT 2014"]
[Source "ChessBase"]
[SourceDate "2013.11.20"]
[SourceVersion "1"]
[SourceVersionDate "2013.11.20"]
[SourceQuality "1"]

1. e4 c6 2. d4 d5 3. f3 e6 4. e5 c5 5. c3 Nc6 6. f4 cxd4 7. cxd4 Bb4+ 8. Nc3 Nge7 9. a3 Ba5 10. b4 Bb6 11. Nf3 Nf5 12. Bb5 0-0 13. Bxc6 bxc6 14. 0-0 a5 15. Na4 Ba6 16. Re1 Bb5 17. Bb2 Bxa4 18. Qxa4 axb4 19. Qxc6 bxa3 20. Rxa3 Rxa3 21. Bxa3 Nxd4 22. Nxd4 Bxd4+ 23. Kh1 Qa5 24. Qc1 Ra8 25. Bd6 Qxe1+ 26. Qxe1 Ra1 27. Qxa1 Bxa1 28. Kg1 f6 29. Kf2 h5 30. Kf3 Kf7 31. g3 fxe5 32. fxe5 Kg6 33. h3 Kf5 34. g4+ hxg4+ 35. hxg4+ Kg6 36. Kf4 Bc3 37. Be7 Bd2+ 38. Kf3 Kf7 39. Bd6 Ke8 40. Ke2 Bc1 41. Kf3 Kd7 42. Ke2 Bg5 43. Bf8 g6 44. Ba3 Be7 45. Bb2 Kc6 46. Kd3 Bc5 47. Bc3 d4 48. Bxd4 Bxd4 49. Kxd4 Kb5 50. Ke3 g5 0-1

[Event "CRO-chT3 West"]
[Site "Croatia"]
[Date "2010.10.23"]
[Round "7.31"]
[White "Bakija, Davor"]
[Black "Kvaternik, Sinisa"]
[Result "1/2-1/2"]
[WhiteElo "2011"]
[BlackElo "2020"]
[PlyCount "66"]
[EventDate "2010.03.27"]
[EventType "team-tourn"]
[EventRounds "9"]
[EventCountry "CRO"]
[SourceTitle "EXT 2012"]
[Source "ChessBase"]
[SourceDate "2011.11.24"]
[SourceVersion "1"]
[SourceVersionDate "2011.11.24"]
[SourceQuality "1"]

1. e4 c5 2. Nf3 Nc6 3. d4 cxd4 4. Nxd4 Nf6 5. Nc3 a6 6. Be2 d6 7. 0-0 g6 8. a4 Bg7 9. Be3 0-0 10. Nb3 Bd7 11. a5 h5 12. h3 Be6 13. Bb6 Qe8 14. f4 Bxb3 15. cxb3 Nd7 16. Be3 Nc5 17. Nd5 Rd8 18. Bf3 Bxb2 19. Rb1 Bg7 20. b4 e6 21. bxc5 exd5 22. Qxd5 dxc5 23. Qxc5 Bd4 24. Bxd4 Nxd4 25. e5 Nxf3+ 26. Rxf3 Qa4 27. Rxb7 Rd1+ 28. Kh2 Qa1 29. h4 Rh1+ 30. Kg3 Qe1+ 31. Rf2 Qg1 32. Qe7 Qe1 33. Qb4 Qg1 1/2-1/2

[Event "CRO-chT2a"]
[Site "Croatia"]
[Date "2009.04.25"]
[Round "4"]
[White "Bakija, Davor"]
[Black "Lovric, Branko"]
[Result "0-1"]
[WhiteElo "2028"]
[BlackElo "2368"]
[PlyCount "110"]
[EventDate "2009.04.04"]
[EventType "team-tourn"]
[EventRounds "9"]
[EventCountry "CRO"]
[SourceTitle "EXT 2010"]
[Source "ChessBase"]
[SourceDate "2010.11.25"]
[SourceVersion "1"]
[SourceVersionDate "2010.11.25"]
[SourceQuality "1"]

1. e4 b6 2. d4 Bb7 3. Bd3 Nf6 4. Qe2 c5 5. d5 e5 6. Nh3 d6 7. f3 h5 8. Bg5 Be7 9. Nc3 a6 10. Bxf6 Bxf6 11. a4 Bc8 12. Nf2 Bg5 13. Ncd1 Qc7 14. b3 Nd7 15. Ne3 h4 16. Nfg4 Nf8 17. 0-0 Nh7 18. g3 hxg3 19. hxg3 Nf6 20. Nf2 g6 21. Kg2 Kf8 22. Rh1 Rxh1 23. Rxh1 Kg7 24. Nh3 Bh6 25. Ng4 Nxg4 26. fxg4 Qe7 27. Rf1 Ra7 28. Rf2 Qd7 29. Qf1 Qxg4 30. Kh2 Qd7 31. Rf3 Qe7 32. Nf2 Bg5 33. Nh3 Bh6 34. Nf2 Ra8 35. Kg2 Qd7 36. Qe2 Qb7 37. g4 Bd7 38. Rh3 b5 39. Qf3 Bf4 40. Rh4 Qc7 41. Qh3 Rf8 42. Rh7+ Kf6 43. axb5 axb5 44. Be2 Ke7 45. Qh4+ g5 46. Qh6 Qa5 47. Nh3 Qd2 48. Nxf4 gxf4 49. Kf1 Qc1+ 50. Kf2 Qe3+ 51. Kf1 Qc1+ 52. Kf2 Qxc2 53. Qg6 Qxb3 54. g5 Qg3+ 55. Kf1 Bh3+ 0-1